101 ways you can help save the planet before you're 12! (Record no. 558091)

MARC details
000 -LEADER
fixed length control field 00276nam a2200085Ia 4500
008 - FIXED-LENGTH DATA ELEMENTS--GENERAL INFORMATION
fixed length control field 210825s9999 xx 000 0 und d
100 ## - MAIN ENTRY--PERSONAL NAME
Personal name O'SULLIVAN, Joanne New York, [c.2009] 1st ed
9 (RLIN) 91016
245 #0 - TITLE STATEMENT
Title 101 ways you can help save the planet before you're 12!
942 ## - ADDED ENTRY ELEMENTS
item type Books

No items available.